01489nam a2200229 a 450000100080000000500110000800800410001910000270006024500850008726002060017252006730037865000140105165000350106565000130110065000400111365300190115365300190117265300080119170000200119970000200121970000200123910046772020-01-16 2007 bl uuuu u00u1 u #d1 aSILVA, J. dos S. V. da aBanco de dados de vegetação do projeto Probio-Pantanal.h[electronic resource] aIn: CONGRESSO BRASILEIRO DE CARTOGRAFIA, 23.; CONGRESSO BRASILEIRO DE GEOPROCESSAMENTO, 1., 2007, Rio de Janeiro. Anais... Rio de Janeiro: Sociedade Brasileira de Cartografia, 2007. p. 1643-1652.c2007 aCom objetivo de obter informações atuais sobre a cobertura vegetal que auxiliasse na conservação dos Biomas brasileiros e, em especial o Bioma Pantanal, o Ministério do Meio Ambiente, por meio da Secretaria de Biodiversidade e Floresta lançou mão do projeto nacional "Levantamento e mapeamento dos remanescentes da cobertura vegetal dos biomas brasileiros" e é nesse contexto que se insere a estruturação do Banco de Dados do Bioma Pantanal. Modelar o banco de dados georreferenciado do Bioma Pantanal e elaborar as cartas-imagem na escala de 1:250.000 a serem utilizadas para o mapeamento dos remanescentes da cobertura vegetal é o objetivo deste trabalho. aDatabases aGeographic information systems aPantanal aSistema de Informação Geográfica aBanco de dados aBioma Pantanal aSIG1 aABDON, M. de M.1 aSILVA, A. M. da1 aSOUZA, L. A. de